Normal view
MARC view
Entry Nombre geográfico
001 - NÚMERO DE CONTROL
- campo de control: 8423
003 - IDENTIFICADOR DEL NÚMERO DE CONTROL
- campo de control: OSt
005 - FECHA Y HORA DE LA ÚLTIMA TRANSACCIÓN
- campo de control: 20211119100115.0
008 - DATOS DE LONGITUD FIJA
- campo de control de longitud fija: 200615|| aca||aabn | a|a d
040 ## - FUENTE DE LA CATALOGACIÓN
- Centro catalogador/agencia de origen: DO-SdBNP
- Lengua de catalogación: spa
- Centro/agencia transcriptor: OSt
151 ## - ENCABEZAMIENTO--NOMBRE GEOGRÁFICO
- Nombre geográfico: Cotuí (República Dominicana)
451 ## - TRAZADO DE VÉASE--NOMBRE GEOGRÁFICO
- Nombre geográfico: Cotuí, República Dominicana
451 ## - TRAZADO DE VÉASE--NOMBRE GEOGRÁFICO
- Nombre geográfico: Cotoi (República Dominicana)
451 ## - TRAZADO DE VÉASE--NOMBRE GEOGRÁFICO
- Nombre geográfico: Cotuy (República Dominicana)
670 ## - FUENTE DE DATOS ENCONTRADOS
- Cita de la fuente: Work cat.: (OSt)2506: Hernández, Ricardo, 1964- 1971, Los movimientos sociales en el municipio de Cotuí :, 2006.
670 ## - FUENTE DE DATOS ENCONTRADOS
- Cita de la fuente: Liga Municipal Dominicana. Depto. de Planeamiento Municipal. Sec. Estudios Básicos. Municipio de "Cotuí", 1972.
670 ## - FUENTE DE DATOS ENCONTRADOS
- Cita de la fuente: Rincón, Francisco A. La merjorada villa del Cotuy, 1994
781 ## - ENTRADA DE ENLACE DE SUBDIVISIÓN--SUBDIVISIÓN GEOGRÁFICA
- Subdivisión geográfica: República Dominicana
- Subdivisión geográfica: Cotuí
